[Event "BL2-Nord playoff 2"]
[Site "Germany"]
[Date "2024.05.05"]
[Round "20.1"]
[White "Glantz, Robert"]
[Black "Palac, Mladen"]
[Result "1-0"]
[WhiteElo "2385"]
[BlackElo "2465"]
[PlyCount "75"]
[EventDate "2024.05.04"]
[EventType "team-k.o."]
[EventRounds "2"]
[EventCountry "GER"]
[SourceTitle "EXT 2025"]
[Source "ChessBase"]
[SourceDate "2024.10.14"]
[SourceVersion "1"]
[SourceVersionDate "2024.10.14"]
[SourceQuality "1"]
[WhiteTeam "Kreuzberg"]
[BlackTeam "Kirchweyhe II"]
[WhiteTeamCountry "GER"]
[BlackTeamCountry "GER"]

1. e4 c5 2. Nf3 d6 3. Bb5+ Nd7 4. Ba4 Ngf6 5. 0-0 e6 6. d3 Be7 7. c4 0-0 8. Nc3 Ne5 9. Nxe5 dxe5 10. f4 Bd7 11. Bc2 Bc6 12. f5 exf5 13. Rxf5 Bd7 14. Rf1 Be6 15. Kh1 Nd7 16. Be3 Rc8 17. a3 Nb8 18. Ba4 Nc6 19. Bxc6 Rxc6 20. Nd5 Bxd5 21. cxd5 Rc7 22. Qh5 f6 23. a4 b6 24. b3 Qe8 25. Qe2 Qd7 26. g4 b5 27. axb5 Rb8 28. g5 fxg5 29. Qh5 Qe8 30. Qxe8+ Rxe8 31. Ra6 Rb7 32. d6 Bf8 33. Bxc5 Rd8 34. d4 Rxb5 35. b4 exd4 36. e5 d3 37. e6 d2 38. Rd1 1-0

[Event "Oberliga Nord O 2324"]
[Site "Germany"]
[Date "2024.04.28"]
[Round "9.1"]
[White "Glantz, Robert"]
[Black "Ivanisevic, Ivan"]
[Result "0-1"]
[WhiteElo "2385"]
[BlackElo "2518"]
[PlyCount "102"]
[EventDate "2023.10.22"]
[EventType "team-tourn"]
[EventRounds "9"]
[EventCountry "GER"]
[SourceTitle "EXT 2025"]
[Source "ChessBase"]
[SourceDate "2024.10.14"]
[SourceVersion "1"]
[SourceVersionDate "2024.10.14"]
[SourceQuality "1"]
[WhiteTeam "Kreuzberg"]
[BlackTeam "Berlin Empor"]
[WhiteTeamCountry "GER"]
[BlackTeamCountry "GER"]

1. d4 d5 2. Bf4 c5 3. e3 cxd4 4. exd4 Nc6 5. c3 Bf5 6. Nd2 e6 7. Ngf3 f6 8. h3 g5 9. Bh2 h5 10. Nb3 Qd7 11. Be2 Qh7 12. Nc5 e5 13. Qa4 Bxc5 14. dxc5 Bc2 15. b3 Bd3 16. Nd2 Nge7 17. b4 0-0 18. Bxd3 Qxd3 19. Rc1 a5 20. b5 Nd8 21. c4 d4 22. c6 bxc6 23. b6 Nb7 24. c5 Rad8 25. Qc4+ Qxc4 26. Rxc4 Nd5 27. Nb3 a4 28. Nc1 Ra8 29. Kd2 Ra5 30. Nd3 Rfa8 31. Rhc1 Rb5 32. Bxe5 fxe5 33. Nxe5 Ne7 34. Rxd4 Nxc5 35. Nd7 Nxd7 36. Rxd7 Kf8 37. Re1 Rd5+ 38. Rxd5 Nxd5 39. Re5 Rb8 40. Rxg5 Rxb6 41. Kc1 a3 42. Rxh5 Rb2 43. Rf5+ Ke7 44. Rf3 Rxa2 45. Kb1 Rd2 46. Rxa3 Rxf2 47. g3 Kd6 48. h4 Rh2 49. Rb3 Kc5 50. Rb8 Nc3+ 51. Kc1 Ne2+ 0-1

[Event "Oberliga Nord O 2324"]
[Site "Germany"]
[Date "2024.04.14"]
[Round "8.1"]
[White "Tschernatsch, Johannes"]
[Black "Glantz, Robert"]
[Result "1/2-1/2"]
[WhiteElo "2332"]
[BlackElo "2385"]
[PlyCount "146"]
[EventDate "2023.10.22"]
[EventType "team-tourn"]
[EventRounds "9"]
[EventCountry "GER"]
[SourceTitle "EXT 2025"]
[Source "ChessBase"]
[SourceDate "2024.10.14"]
[SourceVersion "1"]
[SourceVersionDate "2024.10.14"]
[SourceQuality "1"]
[WhiteTeam "Potsdam Empor"]
[BlackTeam "Kreuzberg"]
[WhiteTeamCountry "GER"]
[BlackTeamCountry "GER"]

1. e4 c5 2. Nf3 e6 3. g3 Nc6 4. Bg2 Nf6 5. Qe2 e5 6. 0-0 Be7 7. c3 0-0 8. Na3 Re8 9. d3 h6 10. Nc4 Bf8 11. a4 d6 12. Re1 Be6 13. Bd2 Rb8 14. Qf1 g6 15. Rab1 a6 16. b4 b5 17. axb5 axb5 18. Na3 cxb4 19. cxb4 d5 20. Bc3 d4 21. Bd2 Ra8 22. Rec1 Rxa3 23. Rxc6 Nd7 24. Ne1 Nb6 25. f4 Bd7 26. Rc2 f6 27. Nf3 g5 28. fxe5 fxe5 29. Qc1 Rxd3 30. Ne1 Rxd2 31. Rxd2 Nc4 32. Rf2 Qb6 33. Bf3 g4 34. Be2 Rc8 35. Ng2 Nd6 36. Qe1 Be7 37. Bd1 Bg5 38. Bb3+ Nc4 39. Qf1 Be6 40. Kh1 Qd6 41. Nh4 d3 42. Nf5 Qc6 43. Qxd3 Rd8 44. Qc2 Bxf5 45. Bxc4+ bxc4 46. Rxf5 Rd2 47. b5 Qxb5 48. Rxb5 Rxc2 49. Rbxe5 c3 50. Rc5 Be3 51. Rc8+ Kg7 52. Rc7+ Kg6 53. Rc6+ Kg7 54. Rf1 Bd4 55. Rc7+ Kg6 56. Rc6+ Kg7 57. Rc7+ Kg6 58. Rb1 Rb2 59. Rxb2 cxb2 60. Rb7 Kf6 61. Rb5 Ke6 62. Kg2 Kd6 63. Kf1 Kc6 64. Rb3 Kc5 65. Ke2 Kc4 66. Rb7 Kc3 67. Kd1 Bc5 68. e5 Bb4 69. Rxb4 Kxb4 70. Kc2 Kc5 71. Kxb2 Kd5 72. Kc3 Kxe5 73. Kd3 Kd5 1/2-1/2

[Event "Oberliga Nord O 2324"]
[Site "Germany"]
[Date "2024.03.17"]
[Round "7.1"]
[White "Glantz, Robert"]
[Black "Rosenthal, Dirk"]
[Result "1-0"]
[WhiteElo "2375"]
[BlackElo "2385"]
[PlyCount "51"]
[EventDate "2023.10.22"]
[EventType "team-tourn"]
[EventRounds "9"]
[EventCountry "GER"]
[SourceTitle "EXT 2025"]
[Source "ChessBase"]
[SourceDate "2024.10.14"]
[SourceVersion "1"]
[SourceVersionDate "2024.10.14"]
[SourceQuality "1"]
[WhiteTeam "Kreuzberg"]
[BlackTeam "Oberschoeneweide"]
[WhiteTeamCountry "GER"]
[BlackTeamCountry "GER"]

1. e4 e5 2. Bc4 Nc6 3. Nf3 Nf6 4. d3 Be7 5. 0-0 0-0 6. Re1 d6 7. a4 Kh8 8. a5 a6 9. h3 Ng8 10. Nc3 f5 11. Nd5 Nf6 12. Ng5 fxe4 13. Nxf6 Bxf6 14. Nxh7 d5 15. Nxf6 Rxf6 16. Bb3 exd3 17. Bg5 Be6 18. Qxd3 Qe8 19. Bxf6 gxf6 20. c3 Qf7 21. Qg3 Qh5 22. Ra4 e4 23. Raxe4 dxe4 24. Bxe6 f5 25. Qxc7 Rd8 26. Qf4 1-0

[Event "Oberliga Nord O 2324"]
[Site "Germany"]
[Date "2024.02.04"]
[Round "5.1"]
[White "Glantz, Robert"]
[Black "Florstedt, Johannes"]
[Result "1-0"]
[WhiteElo "2358"]
[BlackElo "2357"]
[PlyCount "53"]
[EventDate "2023.10.22"]
[EventType "team-tourn"]
[EventRounds "9"]
[EventCountry "GER"]
[SourceTitle "EXT 2025"]
[Source "ChessBase"]
[SourceDate "2024.10.14"]
[SourceVersion "1"]
[SourceVersionDate "2024.10.14"]
[SourceQuality "1"]
[WhiteTeam "Kreuzberg"]
[BlackTeam "Berlin SF II"]
[WhiteTeamCountry "GER"]
[BlackTeamCountry "GER"]

1. e4 c5 2. Nf3 d6 3. Bb5+ Nd7 4. Ba4 Ngf6 5. 0-0 e6 6. d3 a6 7. c4 Be7 8. Nc3 0-0 9. Qe2 b5 10. cxb5 Nb6 11. Bc2 axb5 12. Nxb5 Ba6 13. Nc3 d5 14. e5 Nfd7 15. Re1 h6 16. Qd1 f6 17. exf6 Rxf6 18. a4 Qc7 19. a5 Nc8 20. d4 Bb7 21. Qd3 Nf8 22. dxc5 Ba6 23. Nxd5 exd5 24. Qxd5+ Kh8 25. Bb3 Ne6 26. Rxe6 Qd8 27. Qxd8+ 1-0

[Event "Oberliga Nord O 2223"]
[Site "Germany"]
[Date "2023.02.26"]
[Round "6.3"]
[White "Foerster, Jonas"]
[Black "Glantz, Robert"]
[Result "1/2-1/2"]
[WhiteElo "2296"]
[BlackElo "2346"]
[PlyCount "103"]
[EventDate "2022.10.23"]
[EventType "team-tourn"]
[EventRounds "9"]
[EventCountry "GER"]
[SourceTitle "EXT 2025"]
[Source "ChessBase"]
[SourceDate "2024.10.14"]
[SourceVersion "1"]
[SourceVersionDate "2024.10.14"]
[SourceQuality "1"]
[WhiteTeam "Berlin Empor"]
[BlackTeam "Kreuzberg"]
[WhiteTeamCountry "GER"]
[BlackTeamCountry "GER"]

1. Nf3 Nf6 2. c4 b6 3. Nc3 Bb7 4. d4 e6 5. Bg5 Bb4 6. Qc2 h6 7. Bd2 0-0 8. e3 Bxc3 9. Bxc3 Ne4 10. Bd3 f5 11. 0-0-0 Qf6 12. b3 Nxc3 13. Qxc3 d6 14. Kb2 Nd7 15. Bc2 Rae8 16. Rdg1 Qe7 17. Nd2 c5 18. f3 Nf6 19. h3 b5 20. g4 bxc4 21. bxc4 d5 22. gxf5 exf5 23. dxc5 dxc4 24. Rh2 Nd5 25. Qxc4 Qe5+ 26. Qd4 Nxe3 27. Bb3+ Kh7 28. Qc3 Rf6 29. Rf2 Rc6 30. Qxe5 Rxe5 31. f4 Rexc5 32. Re2 Nd5 33. Re5 Rc8 34. Re6 Nxf4 35. Re7 Bg2 36. Rxa7 R8c7 37. Rxc7 Rxc7 38. h4 g5 39. Bc2 Kg6 40. hxg5 hxg5 41. Nb3 Be4 42. Bxe4 fxe4 43. a4 Rc4 44. a5 e3 45. Nc1 Kf5 46. Kb3 Rc8 47. Kb4 e2 48. Kb5 Rc2 49. a6 Rb2+ 50. Kc6 Rc2+ 51. Kb7 Rb2+ 52. Kc6 1/2-1/2

[Event "Oberliga Nord O 2223"]
[Site "Germany"]
[Date "2022.12.11"]
[Round "3.2"]
[White "Schmekel, Florian"]
[Black "Glantz, Robert"]
[Result "0-1"]
[WhiteElo "2102"]
[BlackElo "2346"]
[PlyCount "62"]
[EventDate "2022.10.23"]
[EventType "team-tourn"]
[EventRounds "9"]
[EventCountry "GER"]
[SourceTitle "EXT 2025"]
[Source "ChessBase"]
[SourceDate "2024.10.14"]
[SourceVersion "1"]
[SourceVersionDate "2024.10.14"]
[SourceQuality "1"]
[WhiteTeam "Torgelow Droegeheide"]
[BlackTeam "Kreuzberg"]
[WhiteTeamCountry "GER"]
[BlackTeamCountry "GER"]

1. d4 d6 2. c4 e5 3. d5 f5 4. e4 fxe4 5. Ne2 Nf6 6. Ng3 Be7 7. Nc3 0-0 8. Ngxe4 Nxe4 9. Nxe4 Bf5 10. Bd3 Nd7 11. 0-0 Qe8 12. Ng3 Bg6 13. Qc2 Bxd3 14. Qxd3 h5 15. Be3 h4 16. Ne4 Qg6 17. h3 Kh8 18. f3 a5 19. a4 Rf5 20. Qd2 b6 21. Rae1 Raf8 22. Kh1 Nf6 23. Ng5 Nxd5 24. cxd5 Bxg5 25. Bxg5 Rxg5 26. Rc1 Rgf5 27. Rfe1 Rf4 28. Rxc7 e4 29. Rc8 exf3 30. Re6 Qxg2+ 31. Qxg2 fxg2+ 0-1

[Event "Berlin BSV IM"]
[Site "Berlin"]
[Date "2022.04.14"]
[Round "9"]
[White "Muse, Drazen"]
[Black "Glantz, Robert"]
[Result "1/2-1/2"]
[WhiteElo "2325"]
[BlackElo "2340"]
[PlyCount "30"]
[EventDate "2022.04.08"]
[EventType "tourn"]
[EventRounds "9"]
[EventCountry "GER"]
[EventCategory "2"]
[SourceTitle "CBM 207 Extra"]
[Source "ChessBase"]
[SourceDate "2022.05.31"]
[SourceVersion "1"]
[SourceVersionDate "2022.05.31"]
[SourceQuality "1"]

1. Nf3 d5 2. c4 e6 3. g3 Nf6 4. Bg2 dxc4 5. Qa4+ Bd7 6. Qxc4 c5 7. d4 Bc6 8. dxc5 Nbd7 9. Be3 Bd5 10. Qa4 Bc6 11. Qc2 Be4 12. Qb3 Bd5 13. Qa4 Bc6 14. Qb3 Bd5 15. Qa4 Bc6 1/2-1/2

[Event "Berlin BSV IM"]
[Site "Berlin"]
[Date "2022.04.10"]
[Round "4"]
[White "Glek, Igor Vladimirovich"]
[Black "Glantz, Robert"]
[Result "1-0"]
[WhiteElo "2479"]
[BlackElo "2340"]
[PlyCount "105"]
[EventDate "2022.04.08"]
[EventType "tourn"]
[EventRounds "9"]
[EventCountry "GER"]
[EventCategory "2"]
[SourceTitle "CBM 207 Extra"]
[Source "ChessBase"]
[SourceDate "2022.05.31"]
[SourceVersion "1"]
[SourceVersionDate "2022.05.31"]
[SourceQuality "1"]

1. e4 c5 2. Nf3 d6 3. Bb5+ Bd7 4. Bxd7+ Qxd7 5. 0-0 Nf6 6. Qe2 Nc6 7. Rd1 Rc8 8. d4 cxd4 9. Nxd4 g6 10. Nf3 Bg7 11. Nc3 Qe6 12. Ng5 Qd7 13. f4 Qc7 14. Nb5 Qb8 15. c4 b6 16. Rb1 0-0 17. b3 a6 18. Nc3 b5 19. cxb5 axb5 20. Nxb5 h6 21. Nf3 Nxe4 22. Qxe4 Qxb5 23. a4 Qb4 24. Qxb4 Nxb4 25. Bd2 Rb8 26. Re1 Rb7 27. a5 Rfb8 28. Bxb4 Rxb4 29. Rxe7 Bf8 30. Rd7 Rxb3 31. Rxb3 Rxb3 32. Nd4 Ra3 33. Nc6 Ra1+ 34. Kf2 Kg7 35. Ke3 Ra4 36. g3 h5 37. Kd3 h4 38. gxh4 Kf6 39. Rd8 Bh6 40. Rxd6+ Kf5 41. a6 Ra3+ 42. Kc4 Bxf4 43. Rd5+ Ke4 44. Ra5 Rxa5 45. Nxa5 Be3 46. Nb7 Ba7 47. Nd6+ Ke5 48. Nxf7+ Ke6 49. Ng5+ Kd6 50. Kb5 Kd5 51. Nh7 Ke6 52. Kc6 Kf5 53. Nf8 1-0

[Event "Berlin Rising Stars IM"]
[Site "Berlin"]
[Date "2021.09.19"]
[Round "1"]
[White "Glantz, Robert"]
[Black "Spitzl, Vinzent"]
[Result "0-1"]
[WhiteElo "2313"]
[BlackElo "2333"]
[PlyCount "128"]
[EventDate "2021.09.19"]
[EventType "tourn"]
[EventRounds "9"]
[EventCountry "GER"]
[EventCategory "3"]
[SourceTitle "CBM 204 Extra"]
[Source "ChessBase"]
[SourceDate "2021.11.30"]
[SourceVersion "1"]
[SourceVersionDate "2021.11.30"]
[SourceQuality "1"]

1. d4 Nf6 2. Nf3 d5 3. Bf4 c5 4. e3 Nc6 5. Nbd2 cxd4 6. exd4 Bf5 7. c3 e6 8. Qb3 Qb6 9. Nh4 Bg6 10. Nxg6 hxg6 11. Bd3 Be7 12. 0-0 Rc8 13. Rfe1 Na5 14. Qa4+ Nc6 15. Rab1 0-0 16. Nf3 Qd8 17. Re2 a6 18. Rbe1 Qd7 19. Qd1 b5 20. a3 Qb7 21. Qb1 Nh5 22. Bd2 Bd6 23. g3 Nf6 24. Ng5 Ne7 25. f4 Nf5 26. Rf1 Rfe8 27. Qe1 Be7 28. h3 Nd6 29. g4 Nh7 30. Rf3 Nf8 31. h4 Qd7 32. Rg3 Bf6 33. Nf3 Qd8 34. Rh3 Ra8 35. h5 gxh5 36. g5 Be7 37. Rxh5 Nf5 38. Reh2 Ng6 39. Ne5 Bd6 40. Qf2 Bxe5 41. dxe5 Qd7 42. R2h3 Qa7 43. Qxa7 Rxa7 44. Kf2 Rd7 45. Rh1 Rc8 46. Be3 Rdc7 47. Bb6 Rc6 48. Bd4 Kf8 49. Kf3 Ke7 50. Rh7 Rg8 51. Kg4 Nf8 52. R7h2 g6 53. Kf3 Nd7 54. Ra1 Rb8 55. Rhh1 Rbc8 56. a4 b4 57. a5 bxc3 58. bxc3 Rxc3 59. Bxc3 Rxc3 60. Rhd1 Nc5 61. Ke2 Nd4+ 62. Ke3 Rxd3+ 63. Rxd3 Nc2+ 64. Kd2 Nxa1 0-1

[Event "Oberliga Nord O 1920"]
[Site "Germany"]
[Date "2021.08.15"]
[Round "9.4"]
[White "Skibbe, Willi"]
[Black "Glantz, Robert"]
[Result "1-0"]
[WhiteElo "2187"]
[BlackElo "2319"]
[PlyCount "65"]
[EventDate "2019.09.29"]
[EventType "team-tourn"]
[EventRounds "9"]
[EventCountry "GER"]
[SourceTitle "EXT 2023"]
[Source "ChessBase"]
[SourceDate "2022.10.05"]
[SourceVersion "1"]
[SourceVersionDate "2022.10.05"]
[SourceQuality "1"]
[WhiteTeam "Greifswald"]
[BlackTeam "Kreuzberg"]
[WhiteTeamCountry "GER"]
[BlackTeamCountry "GER"]

1. d4 Nf6 2. c4 g6 3. Nc3 Bg7 4. e4 d6 5. Nf3 0-0 6. Be2 e5 7. Be3 exd4 8. Nxd4 Re8 9. Qc2 Ng4 10. Bxg4 Bxg4 11. 0-0 Nc6 12. Nxc6 bxc6 13. Rac1 c5 14. Qd2 Be6 15. b3 a5 16. Nd5 a4 17. b4 cxb4 18. Qxb4 f5 19. exf5 Bxf5 20. Qb7 c5 21. Bf4 a3 22. Rfe1 Qa5 23. Ne7+ Kh8 24. Bxd6 Qd2 25. Qd5 Qb2 26. Qxc5 Rxe7 27. Bxe7 Bd4 28. Qd5 Rc8 29. Bxa3 Qxf2+ 30. Kh1 Bg7 31. Bd6 Bd7 32. Bc5 Qxc5 33. Qxd7 1-0

[Event "BL2-Nord 1718"]
[Site "Germany"]
[Date "2018.02.25"]
[Round "7.3"]
[White "Mueer, Sebastian"]
[Black "Glantz, Robert"]
[Result "1/2-1/2"]
[WhiteElo "2253"]
[BlackElo "2334"]
[PlyCount "137"]
[EventDate "2017.10.08"]
[EventType "team-tourn"]
[EventRounds "9"]
[EventCountry "GER"]
[SourceTitle "CBM 183 Extra"]
[Source "ChessBase"]
[SourceDate "2018.04.19"]
[SourceVersion "1"]
[SourceVersionDate "2018.04.19"]
[SourceQuality "1"]
[WhiteTeam "Oldenburg Union"]
[BlackTeam "Kreuzberg"]
[WhiteTeamCountry "GER"]
[BlackTeamCountry "GER"]

1. e4 c5 2. c3 d5 3. exd5 Qxd5 4. d4 g6 5. Nf3 Bg7 6. Na3 cxd4 7. Bc4 Qe4+ 8. Be3 Nh6 9. cxd4 0-0 10. Nb5 Nc6 11. Nc3 Qg4 12. h3 Qd7 13. g4 Kh8 14. d5 Na5 15. Be2 b6 16. Qd2 Ng8 17. h4 Nf6 18. Ne5 Qd8 19. h5 Nxh5 20. Nxf7+ Rxf7 21. gxh5 Bf5 22. hxg6 Bxg6 23. Bd3 Qd6 24. Ke2 Qb4 25. Rag1 Bxd3+ 26. Qxd3 Qxb2+ 27. Bd2 Bf6 28. Rg3 Rg8 29. Rgh3 Rgg7 30. Ne4 Qd4 31. Nxf6 Qxd3+ 32. Kxd3 exf6 33. Bc3 Nb7 34. Rf3 Nc5+ 35. Kc4 Rg4+ 36. Kb5 Kg7 37. Rd1 Rg6 38. d6 Kf8 39. Bb4 Rg5 40. Kc6 Nd7 41. Kc7 a5 42. Ba3 b5 43. Re3 b4 44. Re7 Rxe7 45. dxe7+ Ke8 46. Bb2 Rc5+ 47. Kd6 Rc2 48. Bd4 Nb8 49. Rh1 Rd2 50. Rh4 h5 51. Ke6 Nc6 52. Bc5 Nxe7 53. Rxh5 Re2+ 54. Be3 Ng8 55. Rxa5 Kf8 56. Ra7 Rc2 57. Rf7+ Ke8 58. Rb7 Rc6+ 59. Kd5 Rc2 60. Bc5 Rxa2 61. Rxb4 Ne7+ 62. Ke6 Ra6+ 63. Rb6 Rxb6+ 64. Bxb6 Ng8 65. Bc5 f5 66. f4 Ne7 67. Ke5 Ng6+ 68. Kxf5 Nxf4 69. Kxf4 1/2-1/2

[Event "BL2-Nord 1718"]
[Site "Germany"]
[Date "2018.02.04"]
[Round "6.2"]
[White "Steczek, Marcin"]
[Black "Glantz, Robert"]
[Result "1-0"]
[WhiteElo "2382"]
[BlackElo "2334"]
[PlyCount "103"]
[EventDate "2017.10.08"]
[EventType "team-tourn"]
[EventRounds "9"]
[EventCountry "GER"]
[SourceTitle "CBM 183 Extra"]
[Source "ChessBase"]
[SourceDate "2018.04.19"]
[SourceVersion "1"]
[SourceVersionDate "2018.04.19"]
[SourceQuality "1"]
[WhiteTeam "Glueck Auf Ruedersdorf"]
[BlackTeam "Kreuzberg"]
[WhiteTeamCountry "GER"]
[BlackTeamCountry "GER"]

1. Nf3 Nf6 2. c4 g6 3. Nc3 Bg7 4. g3 0-0 5. Bg2 d6 6. 0-0 e5 7. d3 Nc6 8. Rb1 h6 9. b4 Be6 10. b5 Ne7 11. Nd2 Rb8 12. Qa4 Nc8 13. Ba3 Nd7 14. Qc2 f5 15. Nb3 Ne7 16. c5 Nf6 17. b6 axb6 18. cxd6 cxd6 19. Nb5 Ne8 20. Nd2 Rf7 21. Nc4 Nc8 22. Qb2 e4 23. Nd4 Bxc4 24. dxc4 Ra8 25. Rfd1 Qd7 26. Bb4 Nc7 27. Qd2 Kh7 28. a3 Qe8 29. Nc2 Rd7 30. f3 exf3 31. Bxf3 Na6 32. Qd3 Nxb4 33. Rxb4 Re7 34. Rb3 Ra5 35. Ne3 Rae5 36. Nd5 Rf7 37. Rdb1 h5 38. Kf1 Re6 39. Rb5 Na7 40. Rxb6 Nc6 41. Nf4 Re5 42. Bxc6 bxc6 43. Qxd6 Rf6 44. Qc7 Re7 45. Qb8 Qf7 46. Rb7 Kh6 47. h4 Bf8 48. Qa7 g5 49. Rxe7 Bxe7 50. hxg5+ Kxg5 51. Rb7 Bc5 52. Rxf7 1-0

[Event "Erfurt MT op 27th"]
[Site "Erfurt"]
[Date "2017.12.29"]
[Round "7"]
[White "Glantz, Robert"]
[Black "Schmaltz, Roland"]
[Result "0-1"]
[WhiteElo "2331"]
[BlackElo "2471"]
[PlyCount "84"]
[EventDate "2017.12.26"]
[EventType "swiss"]
[EventRounds "8"]
[EventCountry "GER"]
[SourceTitle "CBM 182 Extra"]
[Source "ChessBase"]
[SourceDate "2018.02.23"]
[SourceVersion "1"]
[SourceVersionDate "2018.02.23"]
[SourceQuality "1"]

1. e4 c5 2. Nf3 d6 3. Bb5+ Nc6 4. 0-0 Bd7 5. Re1 Nf6 6. c3 a6 7. Bc4 b5 8. Bf1 e5 9. a4 b4 10. h3 Be7 11. d4 cxd4 12. cxd4 0-0 13. Nbd2 exd4 14. Nb3 Re8 15. Nfxd4 Bf8 16. Bg5 h6 17. Bxf6 Qxf6 18. Qd2 Nxd4 19. Nxd4 d5 20. Nf3 Rxe4 21. Qxd5 Bc6 22. Qb3 Rf4 23. Ne5 Bc5 24. Nd3 Bxf2+ 25. Nxf2 Rxf2 26. Re2 Rf4 27. Rd2 a5 28. Re1 Qg5 29. Ree2 Rf8 30. Qc2 Bd5 31. Qc7 Be6 32. Qe5 Rf5 33. Qe3 Rc8 34. Qxg5 Rxg5 35. Kh2 Bb3 36. Re3 Bxa4 37. b3 Be8 38. Bc4 Kf8 39. Rf2 f6 40. Rfe2 Rgc5 41. Re6 Bf7 42. Ra6 Rxc4 0-1